| 000 | 00377nam a2200169Ia 4500 | ||
|---|---|---|---|
| 100 | _aTarnekar/S.G | ||
| 650 | _aElectrical | ||
| 942 | _cBK | ||
| 366 | _f12.5 | ||
| 654 | _alaboratory course | ||
| 245 | _aLaboratory course in Electrical Engineering | ||
| 260 |
_bS.Chand and Co. _c1980 |
||
| 082 |
_a621.3/TAR _bTAR |
||
| 300 | _a405 | ||
| 546 | _aENGLISH | ||
| 999 |
_c33041 _d33041 |
||